Loading...

Bhasha Bhagavadgeetha (m)

Bibliographic Details
Main Author: Madhava Panicker, Niranathu; Anandakuttan, V, Ed.
Format: Printed Book
Published: Kottayam Sahithya Pravarthaka Co-operative Society Ltd. 1993
Subjects:
LEADER 00512nam a2200157 4500
082 |a 294.5924 MAD-B 
100 |a Madhava Panicker, Niranathu; Anandakuttan, V, Ed.. 
245 |a Bhasha Bhagavadgeetha (m) 
250
260 |a Kottayam  |b Sahithya Pravarthaka Co-operative Society Ltd.  |c 1993 
300
490
650 |a Bhagavat Gita 
942 |c BK 
999 |c 232017  |d 232017 
952 |0 0  |1 0  |4 0  |6 294_592400000000000_MADB  |7 0  |9 246150  |a SDE  |b SDE  |d 2019-12-12  |l 0  |o 294.5924 MAD-B  |p SDE11437  |r 2019-12-12  |w 2019-12-12  |y BK